000 00341nam a2200121 a 4500
005 20140414132058.0
008 110805s19uu xx 00 eng d
050 _aM 600
_bT84 1995
100 _aTurvey, Peter
245 _aThe X-ray :
_bPicture book of everyday things & how they work.
260 _aLondon :
_bWatts,
_c1995.
999 _c114388
_d114388